Risks and design and build: keeping a meaningful perspective (Record no. 116)

MARC details
000 -LEADER
fixed length control field 00888cab a2200277 4500
001 - CONTROL NUMBER
control field ABS52812
008 - FIXED-LENGTH DATA ELEMENTS--GENERAL INFORMATION
fixed length control field 090401t1995 xxu||||| |||| 00| 0 eng d
035 ## - SYSTEM CONTROL NUMBER
System control number (Sirsi) u305
041 ## - LANGUAGE CODE
Language code of text/sound track or separate title eng
100 ## - MAIN ENTRY--PERSONAL NAME
Personal name Hogg, K.
245 ## - TITLE STATEMENT
Title Risks and design and build: keeping a meaningful perspective
260 ## - PUBLICATION, DISTRIBUTION, ETC.
Date of publication, distribution, etc. 1995
350 ## - PRICE (NR) (BK AM CF MU VM SE) [OBSOLETE]
Price 0
490 ## - SERIES STATEMENT
Series statement CSM (Chartered Surveyor Monthly)
Volume/sequential designation 4(7) May 1995, 32-33(2)
520 ## - SUMMARY, ETC.
Summary, etc. Considers some implications associated with the design and build procurement approach, including risk allocation, cost certainty and risk acceptance.
650 ## - SUBJECT ADDED ENTRY--TOPICAL TERM
Topical term or geographic name entry element CONSTRUCTION PROCUREMENT
650 ## - SUBJECT ADDED ENTRY--TOPICAL TERM
Topical term or geographic name entry element COST CERTAINTY
650 ## - SUBJECT ADDED ENTRY--TOPICAL TERM
Topical term or geographic name entry element DESIGN AND BUILD
650 ## - SUBJECT ADDED ENTRY--TOPICAL TERM
Topical term or geographic name entry element RISK ACCEPTANCE
650 ## - SUBJECT ADDED ENTRY--TOPICAL TERM
Topical term or geographic name entry element RISK ALLOCATION
650 ## - SUBJECT ADDED ENTRY--TOPICAL TERM
Topical term or geographic name entry element RISK MANAGEMENT
690 ## - LOCAL SUBJECT ADDED ENTRY--TOPICAL TERM (OCLC, RLIN)
Topical term or geographic name as entry element BUILT ENVIRONMENT-BUILDING CONTRACT FORMS
700 ## - ADDED ENTRY--PERSONAL NAME
Personal name Morledge, R.
942 ## - ADDED ENTRY ELEMENTS (KOHA)
Suppress in OPAC 0
948 ## - LOCAL PROCESSING INFORMATION (OCLC); SERIES PART DESIGNATOR (RLIN)
c (OCLC) 04/03/1997
Holdings
Withdrawn status Lost status Source of classification or shelving scheme Damaged status Not for loan Home library Current library Shelving location Date acquired Total Checkouts Full call number Barcode Date last seen Copy number Price effective from Koha item type
    Dewey Decimal Classification     London London Journal article 14/09/1999   ABS52812 305-1001 06/08/2019 1 06/08/2019 Journal article